[Event "C.to Provinciale CO"]
[Site "Como ITA"]
[Date "1997.??.??"]
[Round "6"]
[White "Bellotto, Stefano"]
[Black "Rossi, Giampiero"]
[Result "1/2-1/2"]
[WhiteElo "1725"]
[BlackElo "2140"]
[PlyCount "83"]
[EventDate "1997.??.??"]

1. d4 d5 2. c4 e6 3. Nc3 Nf6 4. cxd5 exd5 5. Bg5 c6 6. e3 Be7 7. Bd3 O-O 8.
Nge2 Nbd7 9. Qc2 Re8 10. O-O Nf8 11. Rfe1 Ng6 12. Ng3 Ng4 13. Bxe7 Qxe7 14. Nf1
Qg5 15. Ne2 Nh4 16. Neg3 h5 17. e4 Be6 18. e5 Nxg2 19. Kxg2 h4 20. Qd2 Qxd2 21.
Nxd2 hxg3 22. hxg3 g6 23. Rh1 Kg7 24. Rac1 Rh8 25. Nf3 Nh6 26. b4 Bf5 27. Bxf5
Nxf5 28. a4 a6 29. a5 Rxh1 30. Rxh1 Rh8 31. Rxh8 Kxh8 32. g4 Ng7 33. Ng5 Kg8
34. Kf3 Kf8 35. Ke3 Ke7 36. f4 Ne8 37. Nh7 Nc7 38. f5 gxf5 39. gxf5 Nb5 40. Kd3
Nc7 41. Nf6 Nb5 42. Nh7 1/2-1/2

[Event "C.to Provinciale CO"]
[Site "Como ITA"]
[Date "1997.??.??"]
[Round "7"]
[White "Boncinelli, Lodovico"]
[Black "Bellotto, Stefano"]
[Result "1-0"]
[WhiteElo "1561"]
[BlackElo "1725"]
[PlyCount "71"]
[EventDate "1997.??.??"]

1. d4 f5 2. Nf3 Nf6 3. Bg5 g6 4. Bxf6 exf6 5. Nbd2 d5 6. e3 Bd6 7. Bd3 c6 8.
Qe2 Qe7 9. a3 Nd7 10. c4 b6 11. cxd5 cxd5 12. O-O Kf7 13. Rfe1 Nf8 14. Rac1 Bd7
15. Ba6 Rb8 16. Bd3 Ne6 17. Bb1 Nc7 18. Ba2 Be6 19. Rc3 g5 20. h3 h5 21. h4
Rbg8 22. Nf1 gxh4 23. Nxh4 Rg4 24. g3 Rhg8 25. Kh1 f4 26. exf4 Qd7 27. Nh2 Bxf4
28. Nxg4 Bxg4 29. Qd3 Bg5 30. Rxc7 Qxc7 31. Bxd5+ Kf8 32. Bxg8 Bxh4 33. Bd5 Bg5
34. Bg2 Qd7 35. Qe4 Bf5 36. Qa8+ 1-0

[Event "C.to Provinciale CO"]
[Site "Como ITA"]
[Date "1997.??.??"]
[Round "7"]
[White "Coppola, Guido"]
[Black "Corti, Corrado"]
[Result "1-0"]
[WhiteElo "1752"]
[BlackElo "1660"]
[PlyCount "53"]
[EventDate "1997.??.??"]

1. e4 e5 2. Nf3 Nc6 3. d4 exd4 4. Bc4 d6 5. Nxd4 Ne5 6. Bb3 Nf6 7. Nc3 Be7 8.
h3 O-O 9. f4 Ng6 10. Bd2 a6 11. Qe2 c6 12. O-O-O Qc7 13. Nf3 Nh5 14. f5 Nh8 15.
Qf2 Nf6 16. g4 Nd7 17. g5 Re8 18. Qg3 Nc5 19. Bf4 Nxb3+ 20. axb3 Qa5 21. Nh2 b5
22. Nb1 Bb7 23. Ng4 c5 24. Rhe1 Rad8 25. Nf6+ Bxf6 26. gxf6 g6 27. Qg5 1-0

[Event "C.to Provinciale CO"]
[Site "Como ITA"]
[Date "1997.??.??"]
[Round "7"]
[White "Napoli, Ferdinando"]
[Black "Greco, Vinicio"]
[Result "1-0"]
[WhiteElo "1633"]
[BlackElo "1781"]
[PlyCount "69"]
[EventDate "1997.??.??"]

1. e4 c6 2. d4 d5 3. exd5 cxd5 4. c4 Nf6 5. Nc3 e6 6. Nf3 Bd6 7. c5 Be7 8. b4
O-O 9. Bg5 b6 10. Bd3 Bb7 11. O-O Nbd7 12. Re1 Re8 13. Ne5 Nxe5 14. Rxe5 Nd7
15. Bxe7 Rxe7 16. Re3 g6 17. Nb5 a6 18. Nd6 Bc6 19. Qe2 b5 20. f4 Nf6 21. f5
Bd7 22. fxg6 fxg6 23. Re1 Ne8 24. Nxe8 Qxe8 25. Re5 Rf7 26. Rc1 Ra7 27. Qe3 Qf8
28. Be2 h5 29. Rg5 Rg7 30. Rf1 Qe7 31. Qe5 Ra8 32. Rf6 Kh7 33. Bd3 Rf8 34.
Rfxg6 Rxg6 35. Rxg6 1-0

[Event "C.to Provinciale CO"]
[Site "Como ITA"]
[Date "1997.??.??"]
[Round "8"]
[White "De Castro, Giovanni"]
[Black "Napoli, Ferdinando"]
[Result "1/2-1/2"]
[WhiteElo "1713"]
[BlackElo "1633"]
[PlyCount "96"]
[EventDate "1997.??.??"]

1. d4 Nf6 2. Nf3 g6 3. Bg5 Bg7 4. Nbd2 O-O 5. e4 d6 6. c3 Nbd7 7. Bc4 e5 8. O-O
Re8 9. Re1 Nf8 10. dxe5 dxe5 11. Qb3 Ne6 12. Rad1 c6 13. Bh4 Qc7 14. Qc2 b5 15.
Bf1 a5 16. a4 Ba6 17. axb5 cxb5 18. Ng5 Rac8 19. Nxe6 Rxe6 20. Qb3 a4 21. Qa2
Rd6 22. f3 Rcd8 23. Bg5 Qd7 24. Be2 Qa7+ 25. Kf1 h6 26. Bh4 Rxd2 27. Bf2 Qc7
28. Qa1 R8d6 29. Be3 Rxd1 30. Rxd1 Rxd1+ 31. Qxd1 Qd7 32. Qa1 Qd6 33. c4 a3 34.
cxb5 axb2 35. Qxb2 Bb7 36. b6 Nd7 37. Qa2 Bf8 38. Bc4 Qf6 39. Qa7 Qc6 40. Qa2
Nxb6 41. Bxf7+ Kg7 42. Bg8 Qf6 43. Bxb6 Bxe4 44. Ke2 Bc6 45. Qc4 Be8 46. Bc7
Be7 47. Be6 g5 48. Qd5 Bb5+ 1/2-1/2

[Event "C.to Provinciale CO"]
[Site "Como ITA"]
[Date "1997.??.??"]
[Round "8"]
[White "Grassetto, Gilberto"]
[Black "Bellotto, Stefano"]
[Result "0-1"]
[WhiteElo "1600"]
[BlackElo "1725"]
[PlyCount "108"]
[EventDate "1997.??.??"]

1. e4 c6 2. g3 d5 3. Bg2 e5 4. exd5 cxd5 5. Nc3 Nf6 6. d3 Bc5 7. h3 h6 8. a3
O-O 9. Nge2 Re8 10. O-O a6 11. b4 Ba7 12. Kh2 Nc6 13. f4 exf4 14. Nxf4 Ne7 15.
Bb2 Qd6 16. d4 Bb8 17. Bc1 g5 18. Nfe2 Nf5 19. Rf3 Ne4 20. Nxe4 dxe4 21. Rc3
Bd7 22. Be3 Nxg3 23. Nxg3 Qxg3+ 24. Kg1 Bb5 25. Qg4 Qxg4 26. hxg4 Bd7 27. Rf1
Bxg4 28. d5 Be5 29. Rb3 Be2 30. Re1 Bc4 31. Rbb1 Bc3 32. Red1 Ba2 33. Rb3 Bxb3
34. cxb3 f5 35. d6 Rad8 36. Bf1 Be5 37. Bc5 Rd7 38. Bc4+ Kg7 39. b5 axb5 40.
Bxb5 Red8 41. Bxd7 Rxd7 42. a4 Kf6 43. b4 Ke6 44. Kf2 Bxd6 45. Bxd6 Rxd6 46.
Rb1 f4 47. a5 Rd2+ 48. Ke1 Ra2 49. Rc1 Rb2 50. Rc4 e3 51. Kd1 Kd5 52. Rc5+ Kd4
53. Rb5 f3 54. Rxb7 f2 0-1

[Event "XIII Corsicoscacchi B"]
[Site "Corsico ITA"]
[Date "1997.05.??"]
[Round "1"]
[White "Saccani, Ettore"]
[Black "Romano, Cosimo"]
[Result "1-0"]
[WhiteElo "1582"]
[BlackElo "1555"]
[PlyCount "59"]
[EventDate "1997.05.01"]

1. e4 e6 2. d4 d5 3. Nc3 Bb4 4. Nge2 dxe4 5. a3 Be7 6. Nxe4 Nf6 7. Nxf6+ Bxf6
8. c3 b6 9. Ng3 O-O 10. Qf3 c6 11. Bd3 g6 12. Bh6 Re8 13. Ne4 Be7 14. h4 Bb7
15. Ng5 Bxg5 16. Bxg5 Qd7 17. Qf6 Qd8 18. Qxd8 Rxd8 19. Bxd8 Nd7 20. Bg5 c5 21.
O-O Kg7 22. Bb5 Nb8 23. dxc5 a6 24. Ba4 b5 25. Bb3 Nc6 26. Rad1 Na5 27. Rd7 Bc8
28. Bxe6 Bxd7 29. Bxd7 Nc4 30. c6 1-0

[Event "XIII Corsicoscacchi B"]
[Site "Corsico ITA"]
[Date "1997.05.??"]
[Round "2"]
[White "Saccani, Ettore"]
[Black "D'Amico, Antonino"]
[Result "0-1"]
[WhiteElo "1582"]
[BlackElo "1651"]
[PlyCount "92"]
[EventDate "1997.05.01"]

1. e4 c6 2. d4 d5 3. Nc3 dxe4 4. Nxe4 Nf6 5. Ng3 Bg4 6. Be2 Bxe2 7. N1xe2 e6 8.
Bg5 Be7 9. c3 Nbd7 10. O-O O-O 11. Qc2 Rc8 12. Rfe1 Nb6 13. Nf4 c5 14. Rad1
cxd4 15. Bxf6 Bxf6 16. Re4 g6 17. Qe2 Nd5 18. Nxd5 Qxd5 19. a3 Rc4 20. Nf1 d3
21. Qf3 Qxe4 22. Qxf6 Qe2 23. Rd2 Qe4 24. Ne3 Rc5 25. h3 h5 26. Qe7 Rcc8 27.
Qg5 Rcd8 28. g4 Qf3 29. Kh2 Kg7 30. Qe5+ Qf6 31. Qe4 b6 32. gxh5 g5 33. f3 Qf4+
34. Qxf4 gxf4 35. Nc4 f6 36. b4 Rd7 37. h4 Kh6 38. Nb2 Rfd8 39. Nd1 Kxh5 40.
Kh3 Rg8 41. Nf2 Rg3+ 42. Kh2 Rxf3 43. Ne4 Kg6 44. Kg2 Re3 45. h5+ Kf5 46. Nf2
Re2 0-1

[Event "XIII Corsicoscacchi B"]
[Site "Corsico ITA"]
[Date "1997.05.??"]
[Round "3"]
[White "Laricini, Alberto"]
[Black "Saccani, Ettore"]
[Result "1-0"]
[WhiteElo "1561"]
[BlackElo "1582"]
[PlyCount "41"]
[EventDate "1997.05.01"]

1. d4 Nf6 2. Nf3 e6 3. c4 d5 4. Nc3 Nbd7 5. Bg5 Be7 6. Qc2 O-O 7. e3 c5 8. cxd5
exd5 9. dxc5 Nxc5 10. Rd1 Be6 11. Bxf6 Bxf6 12. Nxd5 Qa5+ 13. Qd2 Qxd2+ 14.
Rxd2 Ne4 15. Nxf6+ Nxf6 16. a3 Rac8 17. Be2 Ne4 18. Rd4 Rc1+ 19. Bd1 Bc4 20.
Rxe4 Rd8 21. Rd4 1-0

[Event "XIII Corsicoscacchi B"]
[Site "Corsico ITA"]
[Date "1997.05.??"]
[Round "5"]
[White "Saccani, Ettore"]
[Black "Perucconi, Nicola"]
[Result "1-0"]
[WhiteElo "1582"]
[BlackElo "1639"]
[PlyCount "99"]
[EventDate "1997.05.01"]

1. e4 c5 2. c3 Nf6 3. e5 Nd5 4. d4 cxd4 5. cxd4 e6 6. Bd2 d6 7. Bb5+ Bd7 8.
Bxd7+ Nxd7 9. Nf3 Rc8 10. Nc3 Nxc3 11. Bxc3 d5 12. O-O Be7 13. Rc1 O-O 14. Qd3
Nb6 15. Rc2 Qd7 16. Rfc1 Rc6 17. Bd2 Rfc8 18. Rxc6 Rxc6 19. Rxc6 Qxc6 20. Ng5
Bxg5 21. Bxg5 Qc4 22. Qd2 Qxa2 23. h3 Kf8 24. b4 Qxd2 25. Bxd2 Nc4 26. Bc1 b5
27. Kf1 h5 28. h4 f6 29. f4 Kf7 30. Kf2 Kg6 31. Kf3 Kf5 32. g3 a6 33. Be3 Nxe3
34. Kxe3 Kg4 35. Kf2 f5 36. Kg2 g6 37. Kf2 Kh3 38. Kf3 Kh2 39. Kf2 Kh1 40. Kf1
a5 41. bxa5 b4 42. Ke1 Kg2 43. a6 Kxg3 44. a7 Kxf4 45. a8=Q Kg4 46. Qd8 Kf4 47.
Qg5+ Ke4 48. Qd2 b3 49. Ke2 f4 50. Qd3# 1-0

[Event "XIII Corsicoscacchi B"]
[Site "Corsico ITA"]
[Date "1997.05.??"]
[Round "6"]
[White "Cammarota, Vittorio"]
[Black "Saccani, Ettore"]
[Result "1-0"]
[WhiteElo "1522"]
[BlackElo "1582"]
[PlyCount "111"]
[EventDate "1997.05.01"]

1. d4 e6 2. Nf3 Nf6 3. Bf4 c5 4. e3 Nc6 5. c3 d5 6. Bd3 cxd4 7. exd4 Be7 8. O-O
O-O 9. Re1 Bd7 10. h3 Rc8 11. Nbd2 h6 12. Qe2 Nh7 13. Qe3 Ng5 14. Bxg5 Bxg5 15.
Nxg5 Qxg5 16. Qxg5 hxg5 17. Nf3 f6 18. Re2 Rce8 19. Bg6 Re7 20. Rae1 Nd8 21.
Re3 Nf7 22. Bc2 Nh6 23. Bb3 Nf5 24. R3e2 Rfe8 25. g4 Nh4 26. Nxh4 gxh4 27. Bxd5
Bc8 28. f4 Kf7 29. Bb3 b6 30. Re3 Bb7 31. f5 Bd5 32. c4 Bb7 33. Ba4 Rd8 34.
fxe6+ Kf8 35. d5 Rd6 36. Bc2 b5 37. b3 Ba6 38. Bd3 bxc4 39. bxc4 g5 40. c5 Rxd5
41. Bxa6 Rxc5 42. Rd3 Rc6 43. Rd8+ Kg7 44. Bc8 Rc2 45. a4 Ra2 46. Bd7 Rd2 47.
Rc1 Rb2 48. Re8 Rxe8 49. Bxe8 Kf8 50. Bd7 Ke7 51. Rc8 Re2 52. Rc7 Re3 53. Bc8+
Kd8 54. Rxa7 Kxc8 55. e7 Kb8 56. Rd7 1-0

[Event "Torneo Scheveningen"]
[Site "Corsico ITA"]
[Date "1997.??.??"]
[Round "1"]
[White "Cazzaniga, Walter"]
[Black "Carparelli, Luciano"]
[WhiteElo "2205"]
[BlackElo "1900"]
[Result "1-0"]
[PlyCount "79"]
[EventDate "1997.??.??"]

1. d4 Nf6 2. c4 e6 3. Nf3 c5 4. d5 exd5 5. cxd5 d6 6. Nc3 g6 7. Bf4 Bg7 8. Qa4+
Bd7 9. Qb3 Qc7 10. e4 Nh5 11. Be3 O-O 12. Be2 a6 13. a4 Bg4 14. a5 Nd7 15. O-O
Rae8 16. h3 Bxf3 17. Bxf3 Ne5 18. Bxh5 gxh5 19. f4 Nd7 20. Qc4 b5 21. axb6 Nxb6
22. Qd3 f5 23. e5 dxe5 24. d6 Qc6 25. Rxa6 e4 26. Qd1 Re6 27. Qb3 Qxd6 28. Rd1
Bd4 29. Bxd4 cxd4 30. Nb5 Qd5 31. Qxd5 Nxd5 32. Rxe6 d3 33. Nd6 Nxf4 34. Re5
Ne2+ 35. Kf2 Nd4 36. Rd5 Nc2 37. Re1 Rb8 38. Rb5 Rd8 39. Nxf5 Nxe1 40. Kxe1 1-0

[Event "Torneo Scheveningen"]
[Site "Corsico ITA"]
[Date "1997.??.??"]
[Round "1"]
[White "Dorighet, Claudio"]
[Black "Nicolo', Filippo"]
[WhiteElo "2090"]
[BlackElo "1830"]
[Result "1/2-1/2"]
[PlyCount "29"]
[EventDate "1997.??.??"]

1. c4 e6 2. Nc3 d5 3. e3 c6 4. d4 f5 5. Nf3 Bd6 6. g3 Nf6 7. Bg2 O-O 8. O-O Bd7
9. b3 Be8 10. Qc2 Nbd7 11. Bb2 Ne4 12. Nd2 Qg5 13. Rae1 Rf6 14. Ncxe4 fxe4 15.
f4 1/2-1/2

[Event "Torneo Scheveningen"]
[Site "Corsico ITA"]
[Date "1997.??.??"]
[Round "1"]
[White "Podini, Francesco"]
[Black "Pace, Pietro Dario"]
[WhiteElo "2010"]
[BlackElo "1600"]
[Result "1-0"]
[PlyCount "85"]
[EventDate "1997.??.??"]

1. c4 e5 2. Nc3 Nc6 3. g3 g6 4. Bg2 Bg7 5. d3 d6 6. e3 Be6 7. Nge2 Qd7 8. Nd5
Nce7 9. O-O c6 10. Nxe7 Nxe7 11. Rb1 Bh3 12. Nc3 h5 13. Bxh3 Qxh3 14. Ne4 Qd7
15. h4 d5 16. Nc5 Qc7 17. b4 O-O 18. e4 Rad8 19. Qe2 b6 20. Nb3 dxe4 21. dxe4
Qd7 22. Bg5 f6 23. Rfd1 Qc7 24. Be3 Kh7 25. a4 Bh6 26. Bxh6 Kxh6 27. c5 Nc8 28.
Rd2 Kg7 29. Rbd1 Kh7 30. Rd3 Rxd3 31. Qxd3 Rf7 32. Qd8 Qxd8 33. Rxd8 Rc7 34.
Kf1 Kg7 35. Ke2 Kf7 36. Kd3 Kg7 37. Kc4 Kf7 38. Kc3 Kg7 39. Nd2 Kf7 40. Nc4 Ke6
41. f3 Ke7 42. Rg8 Kf7 43. Rxc8 1-0

[Event "Torneo Scheveningen"]
[Site "Corsico ITA"]
[Date "1997.??.??"]
[Round "1"]
[White "Sbarra, Marco"]
[Black "Cividali, Emilio"]
[WhiteElo "2285"]
[BlackElo "2054"]
[Result "1-0"]
[PlyCount "113"]
[EventDate "1997.??.??"]

1. d4 d5 2. c4 c6 3. Nc3 e5 4. cxd5 cxd5 5. e4 Nc6 6. dxe5 dxe4 7. Qxd8+ Kxd8
8. Bg5+ Be7 9. O-O-O+ Bd7 10. Bf4 Rc8 11. Nxe4 Nxe5+ 12. Kb1 Nc4 13. Nf3 Nf6
14. Bd3 Ke8 15. Rhe1 Nxe4 16. Bxe4 Bc6 17. Rd4 b5 18. Bg5 f6 19. Bxc6+ Rxc6 20.
Rde4 Rc7 21. Bf4 Rd7 22. b3 Nb6 23. Bd6 Nd5 24. Re6 Kf7 25. Bxe7 Rxe7 26. Nd4
Rxe6 27. Rxe6 Rd8 28. Ra6 Nc3+ 29. Kc2 Rxd4 30. Rxa7+ Kg6 31. Kxc3 Rg4 32. g3
Re4 33. Rd7 b4+ 34. Kd3 Re1 35. Kd2 Ra1 36. Ra7 Kf5 37. Ra4 Ke5 38. Kd3 Rd1+
39. Kc4 Rd4+ 40. Kc5 Rd5+ 41. Kxb4 Rd2 42. f4+ Kf5 43. h3 Rd3 44. Ra5+ Ke6 45.
f5+ Kd6 46. g4 h5 47. gxh5 Rxh3 48. Rb5 Rh4+ 49. Ka5 Rxh5 50. Kb6 Rg5 51. a4 g6
52. fxg6 Rxg6 53. a5 Ke6 54. a6 f5 55. a7 Rg8 56. Kb7 Rg7+ 57. Ka6 1-0

[Event "Torneo Scheveningen"]
[Site "Corsico ITA"]
[Date "1997.??.??"]
[Round "2"]
[White "Carparelli, Luciano"]
[Black "Dorighet, Claudio"]
[WhiteElo "1900"]
[BlackElo "2090"]
[Result "1/2-1/2"]
[PlyCount "44"]
[EventDate "1997.??.??"]

1. e4 c5 2. Nf3 d6 3. d4 cxd4 4. Nxd4 Nf6 5. f3 Nc6 6. c4 Nxd4 7. Qxd4 e5 8.
Qd3 h6 9. Be3 Be7 10. Nc3 Be6 11. Be2 a6 12. O-O O-O 13. Rac1 Rc8 14. Nd5 Bxd5
15. cxd5 Qd7 16. b4 Rxc1 17. Rxc1 Rc8 18. Rc3 Ne8 19. Qc2 Rxc3 20. Qxc3 Bg5 21.
Bb6 Bd8 22. Bf2 Kf8 1/2-1/2

[Event "Torneo Scheveningen"]
[Site "Corsico ITA"]
[Date "1997.??.??"]
[Round "2"]
[White "Cividali, Emilio"]
[Black "Cazzaniga, Walter"]
[WhiteElo "2054"]
[BlackElo "2205"]
[Result "1/2-1/2"]
[PlyCount "35"]
[EventDate "1997.??.??"]

1. d4 Nf6 2. c4 g6 3. g3 Bg7 4. Bg2 O-O 5. Nc3 d6 6. Nf3 c6 7. O-O Nbd7 8. e4
e5 9. h3 exd4 10. Nxd4 Re8 11. Re1 a5 12. Rb1 Nc5 13. Bf4 Nh5 14. Be3 a4 15.
Qd2 Qa5 16. Bh6 Bh8 17. Rbd1 Ne6 18. Nce2 1/2-1/2

[Event "Torneo Scheveningen"]
[Site "Corsico ITA"]
[Date "1997.??.??"]
[Round "2"]
[White "Nicolo', Filippo"]
[Black "Podini, Francesco"]
[WhiteElo "1830"]
[BlackElo "2010"]
[Result "0-1"]
[PlyCount "157"]
[EventDate "1997.??.??"]

1. e4 c5 2. Nf3 e6 3. d4 cxd4 4. Nxd4 Nf6 5. Nc3 d6 6. g4 h6 7. h4 Be7 8. Qf3
h5 9. gxh5 Nxh5 10. Bg5 a6 11. O-O-O Nc6 12. Nxc6 bxc6 13. Kb1 Rb8 14. Bc4 Qb6
15. Bb3 Bd7 16. Rd2 f6 17. Be3 c5 18. Rhd1 Qc7 19. Bc4 Rb4 20. b3 Qa5 21. Ne2
Qb6 22. Ka1 Qc6 23. Nf4 Nxf4 24. Bxf4 e5 25. Bg3 Qc8 26. Rg1 Be6 27. Bxe6 Qxe6
28. c4 a5 29. Qd3 a4 30. Kb2 Rh5 31. Qd5 Kf7 32. Rgd1 f5 33. exf5 Qxd5 34. Rxd5
Rxf5 35. R5d3 axb3 36. axb3 Rb8 37. Rd5 Rf3 38. R1d3 Rxd3 39. Rxd3 Rh8 40. Rd1
Ke6 41. Rh1 g5 42. h5 Kf5 43. Kc2 Kg4 44. h6 Kf5 45. Kd3 Rh7 46. Ke3 Bf8 47.
Rd1 Rxh6 48. Ra1 Be7 49. Ra7 Ke6 50. Ra8 Rh1 51. Rb8 Rb1 52. Ke4 Rb2 53. f3 Rd2
54. Ke3 Rd4 55. Bf2 g4 56. fxg4 Rxg4 57. Kf3 Rf4+ 58. Ke2 Rg4 59. Rb6 Kf5 60.
Rb7 Bg5 61. Rd7 Ke6 62. Rg7 Kf5 63. Rd7 Rg2 64. Kf3 Rh2 65. Rxd6 Rh3+ 66. Ke2
Rxb3 67. Bxc5 Rc3 68. Bf2 Rxc4 69. Rd7 e4 70. Rd5+ Kg4 71. Rd4 Rc2+ 72. Kd1
Rxf2 73. Rxe4+ Bf4 74. Re8 Kf3 75. Ke1 Rh2 76. Rd8 Be3 77. Rf8+ Ke4 78. Re8+
Kf3 79. Rf8+ 0-1

[Event "Torneo Scheveningen"]
[Site "Corsico ITA"]
[Date "1997.??.??"]
[Round "2"]
[White "Pace, Pietro Dario"]
[Black "Sbarra, Marco"]
[WhiteElo "1600"]
[BlackElo "2285"]
[Result "0-1"]
[PlyCount "98"]
[EventDate "1997.??.??"]

1. e4 Nf6 2. e5 Nd5 3. d4 d6 4. Nf3 Bg4 5. Bc4 e6 6. exd6 Bxd6 7. O-O O-O 8.
Nc3 Nxc3 9. bxc3 Nd7 10. h3 Bh5 11. Re1 h6 12. g4 Bg6 13. h4 Re8 14. h5 Bh7 15.
g5 hxg5 16. Bxg5 Be7 17. Bc1 Bf6 18. Bf4 Bf5 19. Qb1 Nb6 20. Bd3 Qd5 21. Ne5
Bxd3 22. cxd3 Rad8 23. Qd1 Nd7 24. Qg4 Bxe5 25. Rxe5 Nxe5 26. Bxe5 f6 27. h6
Rd7 28. Bxf6 Qf5 29. Qxf5 exf5 30. Bxg7 Re2 31. Rb1 c6 32. c4 Rxa2 33. Re1 a5
34. Re5 a4 35. Rxf5 Rf7 36. Rxf7 Kxf7 37. d5 cxd5 38. cxd5 Rd2 39. Bc3 Rd1+ 40.
Kg2 Kg6 41. d4 Rb1 42. f3 Rb5 43. d6 Rd5 44. Bb4 Rxd4 45. Bc5 Rd5 46. Ba3 Rd3
47. Bb4 a3 48. d7 a2 49. Bc3 Rxd7 0-1

[Event "Torneo Scheveningen"]
[Site "Corsico ITA"]
[Date "1997.??.??"]
[Round "3"]
[White "Cazzaniga, Walter"]
[Black "Pace, Pietro Dario"]
[WhiteElo "2205"]
[BlackElo "1600"]
[Result "1-0"]
[PlyCount "67"]
[EventDate "1997.??.??"]

1. d4 Nf6 2. c4 e6 3. Nf3 c5 4. d5 exd5 5. cxd5 d6 6. Nc3 g6 7. Bf4 Bg7 8. Qa4+
Bd7 9. Qb3 Qc7 10. e4 O-O 11. Nd2 Re8 12. Be2 Na6 13. O-O Rab8 14. a4 Nb4 15.
Nc4 Bf8 16. f3 Nh5 17. Be3 f5 18. f4 Nf6 19. e5 Nfxd5 20. Nxd5 Nxd5 21. Nxd6
Be6 22. Nxe8 Rxe8 23. Bc4 Qf7 24. Rfe1 Nxf4 25. Rac1 Bxc4 26. Rxc4 Ne6 27. a5
Qc7 28. Bd2 Bg7 29. Bc3 Qf7 30. Qb5 g5 31. b4 Qh5 32. bxc5 Nf4 33. Qd7 Re6 34.
Rxf4 1-0

[Event "Torneo Scheveningen"]
[Site "Corsico ITA"]
[Date "1997.??.??"]
[Round "3"]
[White "Dorighet, Claudio"]
[Black "Cividali, Emilio"]
[WhiteElo "2090"]
[BlackElo "2054"]
[Result "1/2-1/2"]
[PlyCount "31"]
[EventDate "1997.??.??"]

1. c4 c5 2. Nc3 b6 3. e4 Bb7 4. g3 e6 5. Bg2 Ne7 6. Nge2 g6 7. d4 Bg7 8. Be3
Nf5 9. exf5 Bxg2 10. Rg1 Bf3 11. fxe6 fxe6 12. dxc5 O-O 13. cxb6 axb6 14. Qb3
Nc6 15. Qc2 d5 16. cxd5 1/2-1/2

[Event "Torneo Scheveningen"]
[Site "Corsico ITA"]
[Date "1997.??.??"]
[Round "3"]
[White "Podini, Francesco"]
[Black "Carparelli, Luciano"]
[WhiteElo "2010"]
[BlackElo "1900"]
[Result "0-1"]
[PlyCount "144"]
[EventDate "1997.??.??"]

1. c4 e5 2. Nc3 Nf6 3. g3 d5 4. cxd5 Nxd5 5. Bg2 Nb6 6. Nf3 Nc6 7. O-O Be7 8.
d3 O-O 9. Be3 f5 10. Qc1 Bf6 11. Bg5 h6 12. Bxf6 Qxf6 13. Nd2 Be6 14. Nb5 Qe7
15. Na3 Nd4 16. Qd1 Rad8 17. Rc1 Bd5 18. Bxd5+ Nxd5 19. e3 Nc6 20. Qb3 Qb4 21.
Qc2 f4 22. Rfe1 Kh8 23. Ne4 Qe7 24. Rcd1 Qd7 25. Qe2 f3 26. Qf1 Qg4 27. h3 Qf5
28. Rd2 Ndb4 29. Red1 Nxa2 30. Nb5 a6 31. Nbc3 Nab4 32. Kh2 Ne7 33. d4 exd4 34.
Rxd4 Rxd4 35. Rxd4 Nec6 36. Rd2 Re8 37. Qc4 a5 38. Nc5 b6 39. Nb3 Qe5 40. Nd4
Nxd4 41. Rxd4 Nc2 42. Re4 Qh5 43. Rxe8+ Qxe8 44. Qxc7 Qe6 45. Qf4 Ne1 46. e4
Qd7 47. Qf8+ Kh7 48. Qf5+ Qxf5 49. exf5 Nd3 50. Nd1 Kg8 51. g4 Kf7 52. Kg3 Kf6
53. Kxf3 Ke5 54. Ke3 Nb4 55. f4+ Kd6 56. Nc3 Kc5 57. g5 Nc6 58. f6 gxf6 59.
gxh6 Nd8 60. h7 Nf7 61. Ne4+ Kb4 62. Nxf6 Kb3 63. Nd5 b5 64. Nc3 b4 65. Ne4
Kxb2 66. Kd2 a4 67. Nc5 a3 68. Nd3+ Kb3 69. Nc5+ Kc4 70. Na4 a2 71. Nb2+ Kb3
72. h8=Q Nxh8 0-1

[Event "Torneo Scheveningen"]
[Site "Corsico ITA"]
[Date "1997.??.??"]
[Round "3"]
[White "Sbarra, Marco"]
[Black "Nicolo', Filippo"]
[WhiteElo "2285"]
[BlackElo "1830"]
[Result "0-1"]
[PlyCount "78"]
[EventDate "1997.??.??"]

1. e4 e6 2. d4 d5 3. Nd2 c5 4. exd5 Qxd5 5. dxc5 Bxc5 6. Ngf3 Nf6 7. Bc4 Qc6 8.
Qe2 a6 9. a4 b6 10. Nb3 Bd6 11. Nbd4 Qe4 12. Be3 O-O 13. Bd3 Qd5 14. O-O Bb7
15. c4 Qh5 16. Rfd1 Bc7 17. Nb3 Bxf3 18. Qxf3 Qxh2+ 19. Kf1 Nbd7 20. Qh3 Qxh3
21. gxh3 a5 22. Be2 Rac8 23. c5 bxc5 24. Nxc5 Nxc5 25. Bxc5 Rfd8 26. b4 Rxd1+
27. Rxd1 axb4 28. Bxb4 Nd5 29. Bd2 Ra8 30. Bb5 Ba5 31. Bc6 Ra7 32. Rb1 h6 33.
Rb8+ Kh7 34. Bxa5 Rxa5 35. Ra8 Rc5 36. Bb7 Nf4 37. Ke1 Nxh3 38. a5 Nf4 39. a6
Ra5 0-1

[Event "Torneo Scheveningen"]
[Site "Corsico ITA"]
[Date "1997.??.??"]
[Round "4"]
[White "Carparelli, Luciano"]
[Black "Sbarra, Marco"]
[WhiteElo "1900"]
[BlackElo "2285"]
[Result "0-1"]
[PlyCount "76"]
[EventDate "1997.??.??"]

1. e4 e5 2. Nf3 Nc6 3. d4 exd4 4. Bc4 Bc5 5. O-O d6 6. Re1 Nf6 7. e5 dxe5 8.
Nxe5 O-O 9. Nxc6 bxc6 10. Bg5 Rb8 11. Nd2 Bb4 12. Bb3 Bf5 13. Qf3 Bg6 14. Qxc6
Rb6 15. Qf3 h6 16. a3 Ba5 17. Bf4 Nh5 18. Re5 Nxf4 19. Rxa5 Rf6 20. Ne4 Bxe4
21. Qxe4 Re8 22. Re5 Rxe5 23. Qxe5 d3 24. cxd3 Nxd3 25. Rd1 Rd6 26. Qf5 Nxb2
27. Qxf7+ Kh8 28. Re1 Kh7 29. Qf5+ Kh8 30. Bc2 Kg8 31. Qh7+ Kf7 32. Bb3+ Kf6
33. Qe4 Nd3 34. Qf3+ Kg6 35. Bf7+ Kh7 36. Re8 Qf6 37. Qe4+ g6 38. Bg8+ Kg7 0-1

[Event "Torneo Scheveningen"]
[Site "Corsico ITA"]
[Date "1997.??.??"]
[Round "4"]
[White "Nicolo', Filippo"]
[Black "Cazzaniga, Walter"]
[WhiteElo "1830"]
[BlackElo "2205"]
[Result "1-0"]
[PlyCount "65"]
[EventDate "1997.??.??"]

1. e4 e6 2. d4 d5 3. Nc3 Bb4 4. e5 c5 5. a3 Bxc3+ 6. bxc3 Ne7 7. Qg4 O-O 8. Bd3
Nbc6 9. Qh5 Ng6 10. Nf3 Qc7 11. Be3 c4 12. Bxg6 fxg6 13. Qg4 Qf7 14. Ng5 Qf5
15. Qe2 Re8 16. g4 Qf8 17. f4 h6 18. Nf3 Re7 19. h4 Rf7 20. Kd2 b5 21. h5 g5
22. fxg5 Rxf3 23. gxh6 Bd7 24. hxg7 Kxg7 25. Raf1 Rxf1 26. Rxf1 Qxa3 27. Bh6+
Kg8 28. Qe3 Qe7 29. Rf6 Kh8 30. Bg5 Qa3 31. Rg6 Qf8 32. Bf6+ Kh7 33. Qg5 1-0

[Event "Torneo Scheveningen"]
[Site "Corsico ITA"]
[Date "1997.??.??"]
[Round "4"]
[White "Pace, Pietro Dario"]
[Black "Dorighet, Claudio"]
[WhiteElo "1600"]
[BlackElo "2090"]
[Result "0-1"]
[PlyCount "64"]
[EventDate "1997.??.??"]

1. e4 c5 2. Nf3 d6 3. d4 cxd4 4. Nxd4 Nf6 5. Nc3 g6 6. Be3 Bg7 7. Be2 Nc6 8. f4
O-O 9. Nb3 Be6 10. g4 Na5 11. f5 Bc4 12. Bf3 Nd7 13. h4 Rc8 14. h5 Ne5 15. Bg2
e6 16. Nd4 Nac6 17. b3 Qa5 18. Bd2 Nxd4 19. Nd5 Qd8 20. Bc3 Be2 21. Qc1 Rxc3
22. Nxc3 Qa5 23. Qb2 Nef3+ 24. Bxf3 Nxf3+ 25. Kxe2 Bxc3 26. Qc1 Nd4+ 27. Kf2
Bxa1 28. Qh6 Qc5 29. Kf1 Qxc2 30. Qe3 Qd1+ 31. Kg2 Qxg4+ 32. Kf1 Rc8 0-1

[Event "X Open"]
[Site "Forli' ITA"]
[Date "1997.??.??"]
[Round "?"]
[White "Aldrovandi, Antonio"]
[Black "Suppa, Ercole"]
[Result "1/2-1/2"]
[WhiteElo "2135"]
[BlackElo "2170"]
[PlyCount "82"]
[EventDate "1997.??.??"]

1. e4 e6 2. d4 d5 3. e5 c5 4. c3 Nc6 5. Nf3 Bd7 6. Be2 Rc8 7. O-O cxd4 8. cxd4
Nge7 9. Na3 a6 10. Nc2 Ng6 11. Bd3 Be7 12. g3 O-O 13. h4 f6 14. h5 Nh8 15. Kg2
Nf7 16. Qe2 fxe5 17. dxe5 Bg5 18. Nxg5 Nxg5 19. f3 Be8 20. g4 Rc7 21. Bd2 Rcf7
22. f4 Ne4 23. Bxe4 dxe4 24. a4 Nd4 25. Nxd4 Qxd4 26. Be3 Qb4 27. Qd2 Qxd2+ 28.
Bxd2 Bc6 29. Bb4 Rd8 30. Bd6 Rc8 31. Kg3 Rd7 32. Rac1 Rdd8 33. b3 Bd5 34. b4
Bb3 35. a5 Bc4 36. Rfe1 Bd3 37. Rc5 Rxc5 38. bxc5 g6 39. hxg6 hxg6 40. Kf2 Rd7
41. Rh1 Rh7 1/2-1/2